000 00256nam a22001097a 4500
008 170125b xxu||||| |||| 00| 0 eng d
020 _a0721653057
041 _aeng
080 _22ND
_a61
245 _aCURRENT UROLOGIC THERAPY
_cKAUFMAN, J.J
942 _2udc
_cBK
999 _c3697
_d3697